Statistics for U.S. General Knowledge #33

Click here to take the quiz!

General Stats

  • This quiz has been taken 5,234 times
  • The average score is 11 of 20

Answer Stats

Question Answer % Correct
In what city would you find the headquarters of the Coca-Cola corporation?Atlanta
77%
What agency protects the U.S. President?Secret Service
77%
What ship supposedly landed on Plymouth Rock in 1620?The Mayflower
76%
According to legend, what type of tree did George Washington chop down?a Cherry Tree
76%
What award is the musical theater equivalent of an Oscar?a Tony
73%
Who was assassinated by Sirhan Sirhan in 1968?Robert F. Kennedy
67%
What Massachusetts village was the setting of Arthur Miller's play "The Crucible"?Salem
65%
What state capital is also home to the U.S. Naval Academy?Annapolis
60%
What city's lesser-known nicknames include "Hockeytown", "Rock City",
and "The Arsenal of Democracy"?
Detroit
56%
What restaurant chain has the most locations in the U.S.?Subway
55%
Which state consumes the most Spam per capita?Hawaii
55%
Who appears on the front of the $2 bill?Thomas Jefferson
52%
What is Magic Johnson's real first name?Earvin
50%
How many points does a Yahtzee score?50
49%
What "cursed" blue diamond can be found at the Smithsonian Natural History Museum?The {Hope} Diamond
47%
What "Saturday Night Live" cast member went on to become a Senator
from the state of Minnesota?
Al Franken
43%
What is hominy made from?Corn Kernels
40%
What was Mr. Rogers's first name?Fred
37%
What TV show featured old-looking teenagers who hung out at a diner
named the "Peach Pit"?
Beverly Hills, 90210
36%
According to television advertising, what kid's beverage is better than
OJ, Cola, and "The Purple Stuff"?
SunnyD
33%

Score Distribution

Percentile by Number Answered

Percent of People with Each Score

Your Score History

You have not taken this quiz